University Home | Library Home | Institutional Repository

Environmental chemistry. (Record no. 172866)

MARC details
000 -LEADER
fixed length control field 00634cam1a220021700 4500
001 - CONTROL NUMBER
control field zam00003605
008 - FIXED-LENGTH DATA ELEMENTS--GENERAL INFORMATION
fixed length control field 951128s1976 xx eng u
035 ## - SYSTEM CONTROL NUMBER
System control number (Sirsi) r20928
035 ## - SYSTEM CONTROL NUMBER
System control number (MACHINE)SLC.
100 1# - MAIN ENTRY--PERSONAL NAME
Personal name Moore, William Michael, 1934-
Dates associated with a name Moore, William Michael, 1934-
Linkage A82496.1
245 10 - TITLE STATEMENT
Title Environmental chemistry.
260 ## - PUBLICATION, DISTRIBUTION, ETC.
Date of publication, distribution, etc. 1976.
591 ## -
-- Class code: C 420.
591 ## -
-- Course: Advanced analytical chemistry.
591 ## -
-- School: S09.
591 ## -
-- Lecturer: Dr. MAINGA, A.
591 ## -
-- Number of Students: 40.
949 ## - LOCAL PROCESSING INFORMATION (OCLC)
a QD31.2
w lcc
m MAIN
t BOOK
l ON-SHELF
909 ## -
-- Book

No items available.

© 2026 - The University of Zambia Library - Koha v25.11